Music Quiz

Random Music or Rap Quiz

Name That Rapper Quiz Stats

 Plays Quiz Updated Oct 4, 2018

Score 0/30 Timer 07:00
2 Plays Today
Albums Rapper % Correct
Doggystyle, Tha Doggfather, R&G (Rhythm & Gangsta): The MasterpieceSnoop Dogg
86.9%
Get Rich Or Die Tryin', The Massacre, Curtis50 Cent
85.4%
The Chronic, 2001, DetoxDr. Dre
82.7%
Country Grammar, Nellyville, SuitNelly
82.6%
Vol. 2... Hard Knock Life, The Black Album, Kingdom ComeJay-Z
81.7%
Strictly 4 My N.I.G.G.A.Z, Me Against The World, All Eyez On Me2Pac
79.4%
Ready To Die, Life After Death, Born AgainThe Notorious B.I.G.
78.6%
I Am...The Autobiography, God's Son, Hip Hop Is DeadNas
61.9%
Straight Outta Compton, 100 Miles and Runnin', Niggaz4lifeN.W.A.
61.1%
Aquemini, Stankonia, Speakerboxxx / The Love BelowOutkast
59.9%
Elephunk, Monkey Business, The E.N.D.Black Eyed Peas
59.7%
Word Of Mouf, Chicken-n-Beer, Release TherapyLudacris
54.4%
It's Dark and Hell Is Hot, Grand Champ, Year of the Dog...AgainDMX
53.9%
Ruff Ryders' First Lady, Scorpion, Eve-OlutionEve
43.7%
King Of Rock, Raising Hell, Tougher Than LeatherRun D.M.C.
37.7%
Albums Rapper % Correct
Supa Dupa Fly, Miss E… So Addictive, Under ConstructionMissy Elliott
36.1%
Radio, Bigger and Deffer, G.O.A.T.LL Cool J
34.3%
Hard Core, La Bella Mafia, The Naked TruthLil' Kim
33.3%
Yo! Bum Rush the Show, It Takes a Nation of Millions to Hold Us Back, Fear of a Black PlanetPublic Enemy
31.1%
Rhyme Pays, O.G. Original Gangster, Home InvasionIce-T
26.9%
The Coming, When Disaster Strikes, GenesisBusta Rhymes
25%
All Hail the Queen, Black Reign, Trav'lin' LightQueen Latifah
23.6%
Jealous Ones Still Envy (J.O.S.E.), Loyalty, Me, Myself & IFat Joe
21%
One Day It'll All Make Sense, Be, Finding ForeverCommon
20%
E 1999 Eternal, The Art of War, Strength & LoyaltyBone Thugs-N-Harmony
19.9%
Blunted on Reality, The Score, Bootleg VersionsThe Fugees
17.5%
Paid in Full, Follow the Leader, Let the Rhythm Hit 'EmEric B. & Rakim
16.7%
Rock the House, He's the DJ, I'm the Rapper, HomebaseDJ Jazzy Jeff & The Fresh Prince
14.9%
Ill Na Na, Chyna Doll, Broken SilenceFoxy Brown
13.3%
Hot, Cool & Vicious, Blacks' Magic, Very NecessarySalt-N-Pepa
7.3%

You're not logged in!

Compare scores with friends on all Sporcle quizzes.
OR
Log In

Show Comments

Extras

Top Quizzes Today


Score Distribution

Your Account Isn't Verified!

In order to create a playlist on Sporcle, you need to verify the email address you used during registration. Go to your Sporcle Settings to finish the process.

Report this User

Report this user for behavior that violates our Community Guidelines.

Details: